00915nam a22002537a 4500001000500000005001700005008004100022020002200063040002300085050001400108082001400122100001600136245008100152260003500233300004000268490003300308505000600341520018900347521002000536521001900556650002900575650002900604700002800633117620230821151750.0230821b cb ||||| |||| 00| 0 eng d a1893376052 (book) aDLCcDLCdDLCbeng00aPS1305.A100a[Fic]213 aTwain, Mark04aThe adventures of Huckleberry Finn /cby Mark Twain ; retold by John Matern. aNew York :bScholastic,c1999. a372 pages :bIllustrations ;c18 cm0 aClassic adventures ;vBook 3 aZ aThe adventures of a boy and his friend, an escaped slave, as they travel down the Mississippi River on a raft. Includes abridged text, audio of text, teacher guide, and test questions. a990 bLexile  az bRaz-Plus  0aMale friendshipxFiction 0aFugitive slavesxFiction1 aTwain, Markd1835-1910.